000 nam a22 7a 4500
999 _c7703
_d7703
008 170929b xxu||||| |||| 00| 0 eng d
100 _aNichols D Eugene
_94188
245 _aHolt Mathematics
260 _aAmerica
_bWinsten publishers
_c1981